| 000 | 00492nam a2200133Ia 4500 | ||
|---|---|---|---|
| 008 | 171207s9999 xx 000 0 und d | ||
| 100 | _aDhir, Amandeep | ||
| 245 | _aWhy do we tag photographs on Facebook? Proposing a new gratifications scale | ||
| 245 | _cAmandeep Dhir, Gina M Chen, Sufen Chen | ||
| 260 | _c2017 | ||
| 300 | _apages 502-21, April 2017 | ||
| 440 |
_aNew Media & Society _v19:4 |
||
| 650 | _aADOLESCENTS, FACEBOOK, PHOTO-TAGGING, SOCIAL MEDIA, USES AND GRATIFICATIONS THEORY | ||
| 999 |
_c347531 _d347531 |
||